[Event "Nowy Sacz-ch"]
[Site "Nowy Sacz"]
[Date "2000.12.03"]
[Round "9"]
[White "Faron, Mateusz"]
[Black "Milan, Rafal"]
[Result "1/2-1/2"]
[WhiteElo "1400"]
[BlackElo "1000"]
[PlyCount "47"]
[EventDate "2000.11.25"]
[EventType "swiss"]
[EventRounds "9"]
[EventCountry "POL"]
[SourceTitle "EXT 2005"]
[Source "ChessBase"]
[SourceDate "2004.11.15"]
[SourceVersion "1"]
[SourceVersionDate "2004.11.15"]
[SourceQuality "1"]

1. c4 e5 2. Nc3 Nc6 3. Nf3 Nf6 4. g3 b6 5. Bg2 Bd6 6. 0-0 Ba6 7. d3 0-0 8. Bg5 h6 9. Bxf6 Qxf6 10. Nd5 Qd8 11. Qd2 Rb8 12. Nh4 Ne7 13. Nxe7+ Qxe7 14. Nf5 Qf6 15. Bh3 Rbd8 16. Rab1 c5 17. Qc3 Bc7 18. f4 d6 19. fxe5 dxe5 20. Ne3 Qe7 21. Nd5 Qd6 22. Rf5 Bc8 23. Rh5 Bxh3 24. Rxh3 1/2-1/2

[Event "Nowy Sacz-ch"]
[Site "Nowy Sacz"]
[Date "2000.11.26"]
[Round "3"]
[White "Witusik, Jerzy"]
[Black "Faron, Mateusz"]
[Result "1-0"]
[WhiteElo "2000"]
[BlackElo "1400"]
[PlyCount "43"]
[EventDate "2000.11.25"]
[EventType "swiss"]
[EventRounds "9"]
[EventCountry "POL"]
[SourceTitle "EXT 2005"]
[Source "ChessBase"]
[SourceDate "2004.11.15"]
[SourceVersion "1"]
[SourceVersionDate "2004.11.15"]
[SourceQuality "1"]

1. e4 e6 2. d4 d5 3. e5 c5 4. c3 Nc6 5. Nf3 Qb6 6. Bd3 Bd7 7. Bc2 cxd4 8. cxd4 Bb4+ 9. Nc3 Qa5 10. Bd2 f6 11. a3 Bxc3 12. Bxc3 Qb6 13. 0-0 fxe5 14. Nxe5 Nf6 15. Nxd7 Nxd7 16. Qh5+ Kf8 17. Qg4 Re8 18. Rae1 Nd8 19. Re3 Nf6 20. Qf4 Kf7 21. Qg5 h6 22. Qg6+ 1-0

[Event "Nowy Sacz-ch"]
[Site "Nowy Sacz"]
[Date "2000.11.25"]
[Round "2"]
[White "Wrobel, Andrzej"]
[Black "Faron, Mateusz"]
[Result "1/2-1/2"]
[WhiteElo "1600"]
[BlackElo "1400"]
[PlyCount "54"]
[EventDate "2000.11.25"]
[EventType "swiss"]
[EventRounds "9"]
[EventCountry "POL"]
[SourceTitle "EXT 2005"]
[Source "ChessBase"]
[SourceDate "2004.11.15"]
[SourceVersion "1"]
[SourceVersionDate "2004.11.15"]
[SourceQuality "1"]

1. c4 Nf6 2. Nc3 e5 3. g3 Bb4 4. Qc2 0-0 5. Bg2 Re8 6. Nf3 Nc6 7. 0-0 e4 8. Ne1 Nd4 9. Qd1 d6 10. a3 Bxc3 11. bxc3 Nc6 12. Nc2 Be6 13. Ne3 Ne5 14. d3 exd3 15. exd3 c6 16. Rb1 Rb8 17. Re1 Nfg4 18. h3 Nxe3 19. Bxe3 Qa5 20. Qd2 Bxh3 21. f4 Bxg2 22. fxe5 Bh3 23. exd6 Qxa3 24. c5 Qa5 25. d4 Qd8 26. Bf4 Qd7 27. Re3 Rxe3 1/2-1/2